| 000 | 01031cam a2200301 a 4500 | ||
|---|---|---|---|
| 999 |
_c2035 _d2035 |
||
| 001 | 00168489 | ||
| 003 | OCoLC | ||
| 005 | 20230301153056.0 | ||
| 008 | 090710r20061996enka j 000 1 eng d | ||
| 020 | _a9780440867623 (pbk.) | ||
| 035 | _aUM035512 | ||
| 035 | _a(OCoLC)225080471 | ||
| 040 |
_aNTPU _cSTD _dKH8 |
||
| 042 | _anbic | ||
| 082 | 0 | _a823.914 WIL | |
| 100 | 1 |
_aWilson, Jacqueline. _eauthor |
|
| 245 | 1 | 0 |
_aBad girls / _cJacqueline Wilson ; illustrations by Nick Sharratt. |
| 260 |
_aLondon : _bCorgi Yearling, _c2006, c1996. |
||
| 300 |
_a177 p. : _bill. ; _c20 cm. |
||
| 500 | _aOriginally published:Great Britain: Doubleday, 1996. | ||
| 520 | _aTen-year-old Mandy must endure torment from three nasty bullies in school, but she finds solace in a new friendship with an older girl. | ||
| 650 | 0 |
_aBullies _vJuvenile fiction. |
|
| 650 | 0 |
_aFriendship _vJuvenile fiction. |
|
| 650 | 0 |
_aSchools _vJuvenile fiction. |
|
| 651 | 0 |
_aEngland _vJuvenile fiction. |
|
| 700 | 1 |
_aSharratt, Nick, _eill. |
|
| 942 |
_2ddc _cNFIC |
||